000 01519nam a22003497a 4500
001 0020050
003 KOHA_MİRAKIL
005 20260207002250.0
007 ta
008 100804b1998 tu |||gr||||#0|||1|tur |
020 _a9757544116
040 _aTR-BiSEU
_btur
_cTR-BiSEU
_erda
041 0 _atur
044 _ctu
050 _aPL248.Y55
_bY36 1998
100 1 _a Yıldız, Ahmet Günbay.
245 1 _aYanık buğdaylar/
_cAhmet Günbay Yıldız ; Ahmed Günbay Yıldız.
264 1 _aİstanbul :
_bTimaş
_c1998
300 _a361 s.; 20 cm.
336 _ametin
_btxt
_2rdacontent
337 _aaracısız
_bn
_2rdamedia
338 _acilt
_bnc
_2rdacarrier
490 1 _aTimaş yayınları ;
_v2.
490 1 _aRoman dizisi ;
_v2.
505 _aHer şey bir depremle başladı. Şiddetli bir yer sarsıntısının sebeb olduğu bir felaket...
_xVe felaketten pay alanlarla çıkar sağlayanlar. İyi ile kötünün bitmeyen kavgası.İyisi ile kötüsü ile bizim insanlarımız. Ve bizim ülkemizin bir köşesinde kırsal kesimde birbirini izleyen nesiller arası olaylar dizisi. Yetmiş yıllık tarihimizin sembollerle ifade edilen bir minyatürü...
_xProblemlerin çıkış noktasını da göreceğimiz bu romanda. kendinizden de izler bulacak. mutluluğa atılan adarı hissedeceksiniz.
650 0 _aTürk romanı.
_95504
650 0 _aTurkish fiction.
_96661
830 1 _aTimaş yayınları ;
_v2.
_98079
830 1 _aRoman dizisi ;
_v2.
_922627
907 _aRoman
942 _2lcc
_cBK
999 _c20007
_d20007